Mathematics dictionary (Record no. 313679)

000 -LEADER
fixed length control field 00398 a2200169 4500
001 - CONTROL NUMBER
control field 78606
003 - CONTROL NUMBER IDENTIFIER
control field NUST
005 - DATE AND TIME OF LATEST TRANSACTION
control field 20180119125050.0
008 - FIXED-LENGTH DATA ELEMENTS--GENERAL INFORMATION
fixed length control field 180119b xxu||||| |||| 00| 0 eng d
082 ## - DEWEY DECIMAL CLASSIFICATION NUMBER
Classification number 510 MOE
100 ## - MAIN ENTRY--PERSONAL NAME
Personal name Ministry of Education
9 (RLIN) 9099
245 ## - TITLE STATEMENT
Title Mathematics dictionary
Medium Arabic
250 ## - EDITION STATEMENT
Edition statement 1
260 ## - PUBLICATION, DISTRIBUTION, ETC.
Place of publication, distribution, etc. Amman
Name of publisher, distributor, etc. Ministry of Education
Date of publication, distribution, etc. 1998
300 ## - PHYSICAL DESCRIPTION
Extent 308
500 ## - GENERAL NOTE
General note General Books
505 ## - FORMATTED CONTENTS NOTE
Formatted contents note Gifted Books
600 ## - SUBJECT ADDED ENTRY--PERSONAL NAME
Personal name Mathematics
9 (RLIN) 9100
942 ## - ADDED ENTRY ELEMENTS (KOHA)
Institution code [OBSOLETE] NUST-CAE
Koha item type Book
Call number prefix 510 MOE
Source of classification or shelving scheme
Holdings
Withdrawn status Lost status Damaged status Not for loan Collection code Permanent Location Current Location Date acquired Total Checkouts Full call number Barcode Date last seen Price effective from Koha item type
          College of Aeronautical Engineering (CAE) College of Aeronautical Engineering (CAE) 04/03/2017   510 MOE CAEG-7372 04/05/2017 04/05/2017 Book
© 2023 Central Library, National University of Sciences and Technology. All Rights Reserved.